<?xml version="1.0" encoding="UTF-8"?>
<record
    xmlns:xsi="http://www.w3.org/2001/XMLSchema-instance"
    xsi:schemaLocation="http://www.loc.gov/MARC21/slim http://www.loc.gov/standards/marcxml/schema/MARC21slim.xsd"
    xmlns="http://www.loc.gov/MARC21/slim">

  <leader>01734nam a2200277 a 4500</leader>
  <controlfield tag="001">ASIN8175968958</controlfield>
  <controlfield tag="003">OSt</controlfield>
  <controlfield tag="005">20170105102909.0</controlfield>
  <controlfield tag="008">131025s2012    xxu                 eng d</controlfield>
  <datafield tag="020" ind1=" " ind2=" ">
    <subfield code="a">8175968958 (paperback)</subfield>
    <subfield code="c">$55.00</subfield>
  </datafield>
  <datafield tag="020" ind1=" " ind2=" ">
    <subfield code="a">9788175968950 (paperback)</subfield>
  </datafield>
  <datafield tag="040" ind1=" " ind2=" ">
    <subfield code="a">a</subfield>
  </datafield>
  <datafield tag="050" ind1="0" ind2="4">
    <subfield code="a">DS740.5.I5</subfield>
  </datafield>
  <datafield tag="082" ind1="0" ind2="4">
    <subfield code="a">327.51054</subfield>
    <subfield code="b">RIS 2012</subfield>
  </datafield>
  <datafield tag="245" ind1="1" ind2="4">
    <subfield code="a">The rise of china :</subfield>
    <subfield code="b">implications for india /</subfield>
    <subfield code="c">Harsh V. Pant.</subfield>
  </datafield>
  <datafield tag="260" ind1=" " ind2=" ">
    <subfield code="a">[S.l.] :</subfield>
    <subfield code="b">Cambridge University Press India Pvt. Ltd.,</subfield>
    <subfield code="c">2012.</subfield>
  </datafield>
  <datafield tag="300" ind1=" " ind2=" ">
    <subfield code="a">270 p. ;</subfield>
    <subfield code="c">23 cm.</subfield>
  </datafield>
  <datafield tag="520" ind1=" " ind2=" ">
    <subfield code="a">The rise of China as an emerging power and as the most likely challenger to the global preponderance of the US is already having a significant impact across the globe. This phenomenon is being debated and analysed at various levels. In India too, it is generating a lot of excitement. On the one hand, it is considered to be an opportunity and on the other, a challenge. This book is an attempt at exploring the multi-dimensional nature of the rise of China and its implications for India. The contributors in this volume have examined various aspects of China's rise such as domestic developments, foreign policy agenda, and its position on issues related to India from an Indian perspective. The book will appeal to undergraduate and graduate students of International Relations across the world. Foreign policy experts, and anyone interested in China-India relations should also find the book to be of interest.</subfield>
  </datafield>
  <datafield tag="650" ind1=" " ind2="0">
    <subfield code="a">China</subfield>
  </datafield>
  <datafield tag="650" ind1=" " ind2="0">
    <subfield code="a">India</subfield>
  </datafield>
  <datafield tag="650" ind1=" " ind2="0">
    <subfield code="a">International relations</subfield>
  </datafield>
  <datafield tag="650" ind1=" " ind2="0">
    <subfield code="a">Political science</subfield>
  </datafield>
  <datafield tag="700" ind1="1" ind2=" ">
    <subfield code="a">Pant, Harsh V.</subfield>
  </datafield>
  <datafield tag="856" ind1="4" ind2="0">
    <subfield code="3">Amazon.com</subfield>
    <subfield code="u">http://www.amazon.com/exec/obidos/ASIN/8175968958/chopaconline-20</subfield>
  </datafield>
  <datafield tag="942" ind1=" " ind2=" ">
    <subfield code="2">ddc</subfield>
    <subfield code="c">BK</subfield>
  </datafield>
  <datafield tag="999" ind1=" " ind2=" ">
    <subfield code="c">15039</subfield>
    <subfield code="d">15039</subfield>
  </datafield>
  <datafield tag="952" ind1=" " ind2=" ">
    <subfield code="0">0</subfield>
    <subfield code="1">0</subfield>
    <subfield code="4">0</subfield>
    <subfield code="7">0</subfield>
    <subfield code="8">NFIC</subfield>
    <subfield code="a">CIPS</subfield>
    <subfield code="b">CIPS</subfield>
    <subfield code="c">GEN</subfield>
    <subfield code="d">2013-10-01</subfield>
    <subfield code="l">0</subfield>
    <subfield code="o">327.51054 RIS 2012</subfield>
    <subfield code="p">CIPS0001608</subfield>
    <subfield code="r">2013-10-25</subfield>
    <subfield code="w">2013-10-25</subfield>
    <subfield code="y">BK</subfield>
  </datafield>
</record>
